01141nam a2200193Ia 4500001001100000003001000011008004100021040002500062041001300087100004300100245002300143250001100166260006400177300002600241500026600267501011400533520026600647650003400913L240-11826IT-CnALBA170116s9999||||xx |||||||||||||| ||und|| aIT-CnALBAcIT-CnALBA aITALIANO aDE FOUCAULD CHARLES, PICCOLO FRATELLO. 0aIL MODELLO UNICO.  a1a ed. a BOLOGNAbNIGRIZIA ED. ISTIT. S. ANT. c1963 [1° Ed.:1963] a51 p. (prefazione: 5) aTRADUZIONE DAL FRANCESE DI G. MATTEUZZI. SPOSO. AMORE DI CRISTO. REGNO DI DIO. INCARNAZIONE. VIRTÙ TEOLOGALI. AMORE DEL PROSSIMO. OBBEDIENZA A DIO. IMITAZIONE. UMILTÀ PREGHIERA. SACRIFICIO. VERITÀ. VOTI RELIGIOSI. EUCARESTIA. CHIESA. LAVORO MANUALE. DESER aSocietà San Paolo EM - Piazza San Paolo, 14 - 12051 ALBA (CN) (non commercial uses only) ® Copyright 2017 aTRADUZIONE DAL FRANCESE DI G. MATTEUZZI. SPOSO. AMORE DI CRISTO. REGNO DI DIO. INCARNAZIONE. VIRTÙ TEOLOGALI. AMORE DEL PROSSIMO. OBBEDIENZA A DIO. IMITAZIONE. UMILTÀ PREGHIERA. SACRIFICIO. VERITÀ. VOTI RELIGIOSI. EUCARESTIA. CHIESA. LAVORO MANUALE. DESER aTEOLOGIA SPIRITUALE CRISTIANA